LEADER 00975cam0-2200349---450- 001 990004099320403321 005 20120925140638.0 035 $a000409932 035 $aFED01000409932 035 $a(Aleph)000409932FED01 035 $a000409932 100 $a19990604d1964----km-y0itay50------ba 101 0 $ager 102 $aDE 105 $ay-------001yy 200 1 $a<>Aufbau der realen Welt$eGrundriss der Allgemeinen Kategorienlehre$fvon Nicolai Hartmann 205 $a3. Aufl. 210 $aBerlin$cWalter de Gruyter & Co.$d1964 215 $aXX, 562 p.$d22 cm 610 0 $aRealismo 676 $a149.2 676 $a190$v20$zita 700 1$aHartmann,$bNicolai$0158986 801 0$aIT$bUNINA$gRICA$2UNIMARC 901 $aBK 912 $a990004099320403321 952 $aXI I 198$b86143$fFGBC 952 $aP.1 FG 2495$bIst. fil. teor. 1550$fFLFBC 959 $aFGBC 959 $aFLFBC 996 $aAufbau der realen Welt$9477578 997 $aUNINA LEADER 01061nam2-2200361li-450 001 990000102740203316 005 20180312154756.0 035 $a0010274 035 $aUSA010010274 035 $a(ALEPH)000010274USA01 035 $a0010274 100 $a20001109d1980----km-y0itay0103----ba 101 0 $aeng 102 $aUS 200 1 $aRadar detection$fJ. V. DiFranco and W. L. Rubin 210 $aDedham (Mass.)$cArtech House$dcopyr. 1980 225 2 $a<> Artech radar library$v0 410 0$10010010275$12001$a<> Artech radar library 610 1 $aradar 676 $a621.3842$9. 700 1$aDi_Franco,$bJ. V.$0605826 702 1$aRubin,$bW. L. 801 $aSistema bibliotecario di Ateneo dell' Universitą di Salerno$gRICA 912 $a990000102740203316 951 $a621.384 2 ARL (1)$b0019949 959 $aBK 969 $aTEC 979 $c19970212 979 $c20001110$lUSA01$h1710 979 $c20020403$lUSA01$h1617 979 $aPATRY$b90$c20040406$lUSA01$h1608 996 $aRadar detection$91500913 997 $aUNISA LEADER 01481nam 2200505 450 001 9910466189403321 005 20200520144314.0 010 $a1-119-30138-6 035 $a(CKB)3710000001151291 035 $a(MiAaPQ)EBC4837508 035 $a(DLC) 2017004432 035 $a(Au-PeEL)EBL4837508 035 $a(CaPaEBR)ebr11370992 035 $a(CaONFJC)MIL1005547 035 $a(OCoLC)983731785 035 $a(EXLCZ)993710000001151291 100 $a20170426h20172017 uy 0 101 0 $aeng 135 $aurcnu|||||||| 181 $2rdacontent 182 $2rdamedia 183 $2rdacarrier 200 14$aThe reading mind $ea cognitive approach to understanding how the mind reads /$fDaniel T. Willingham 210 1$aSan Francisco, California :$cJossey-Bass,$d2017. 210 4$d©2017 215 $a1 online resource (259 pages) $cillustrations, tables 300 $aIncludes index. 311 $a1-119-30137-8 320 $aIncludes bibliographical references and index. 606 $aReading 606 $aReading comprehension 606 $aCognitive psychology 608 $aElectronic books. 615 0$aReading. 615 0$aReading comprehension. 615 0$aCognitive psychology. 676 $a418/.4019 700 $aWillingham$b Daniel T.$0916503 801 0$bMiAaPQ 801 1$bMiAaPQ 801 2$bMiAaPQ 906 $aBOOK 912 $a9910466189403321 996 $aThe reading mind$92115066 997 $aUNINA